Oxford handbook of ENT and head and neck surgery / (Record no. 172332)

MARC details
000 -LEADER
fixed length control field 01043nam a2200289 i 4500
001 - CONTROL NUMBER
control field 019743466
003 - CONTROL NUMBER IDENTIFIER
control field Uk
005 - DATE AND TIME OF LATEST TRANSACTION
control field 20250828112519.0
008 - FIXED-LENGTH DATA ELEMENTS--GENERAL INFORMATION
fixed length control field 200310s2020 enka |0|1 0|eng
020 ## - INTERNATIONAL STANDARD BOOK NUMBER
International Standard Book Number 9780198725312 (Paperback)
040 ## - CATALOGING SOURCE
Original cataloging agency Uk
Language of cataloging eng
Transcribing agency NUST
Description conventions rda
Modifying agency NUST
050 ## - LIBRARY OF CONGRESS CALL NUMBER
Classification number RF56.COR
100 10 - MAIN ENTRY--PERSONAL NAME
Personal name Corbridge, Rogan J.,
Relator term author.
245 10 - TITLE STATEMENT
Title Oxford handbook of ENT and head and neck surgery /
Statement of responsibility, etc. Rogan Corbridge, Nicholas Steventon.
250 ## - EDITION STATEMENT
Edition statement Third edition.
260 ## - PUBLICATION, DISTRIBUTION, ETC.
Place of publication, distribution, etc. United Kingdom :
Name of publisher, distributor, etc. Oxford ;
Date of publication, distribution, etc. ©2020.
300 ## - PHYSICAL DESCRIPTION
Extent vii, 488 pages :
Other physical details illustrations (black and white) ;
Dimensions 19 cm.
336 ## - CONTENT TYPE
Content type term text
Source rdacontent
Content type code txt
337 ## - MEDIA TYPE
Media type term unmediated
Source rdamedia
Media type code n
338 ## - CARRIER TYPE
Carrier type term volume
Source rdacarrier
Carrier type code nc
504 ## - BIBLIOGRAPHY, ETC. NOTE
Bibliography, etc. note Including glossary and index
650 #0 - SUBJECT ADDED ENTRY--TOPICAL TERM
Topical term or geographic name entry element Otolaryngology
Form subdivision Handbooks, manuals, etc.
650 #0 - SUBJECT ADDED ENTRY--TOPICAL TERM
Topical term or geographic name entry element Head
General subdivision Surgery
Form subdivision Handbooks, manuals, etc.
650 #0 - SUBJECT ADDED ENTRY--TOPICAL TERM
Topical term or geographic name entry element Neck
General subdivision Surgery
Form subdivision Handbooks, manuals, etc.
700 1# - ADDED ENTRY--PERSONAL NAME
Personal name Steventon, Nicholas,
Relator term author.
942 ## - ADDED ENTRY ELEMENTS (KOHA)
Source of classification or shelving scheme
Suppress in OPAC No
Koha item type Reference Material
Edition Third Edition
Classification part RF56.COR
Call number prefix RF
Call number suffix COR

No items available.